[Event "SWE-chT 1920 Elite"]
[Site "Sweden"]
[Date "2020.01.19"]
[Round "6.3"]
[White "Berg, Emanuel"]
[Black "Andersson, Tommy"]
[Result "1-0"]
[WhiteElo "2544"]
[BlackElo "2396"]
[Annotator "Berg,Emanuel"]
[PlyCount "65"]
[EventDate "2019.10.18"]
[EventType "team-tourn"]
[EventRounds "9"]
[EventCountry "SWE"]
[SourceTitle "CBM 195 Extra"]
[Source "ChessBase"]
[SourceDate "2020.05.31"]
[SourceVersion "1"]
[SourceVersionDate "2020.05.31"]
[SourceQuality "1"]
[WhiteTeam "Wasa"]
[BlackTeam "Burgsvik Alva"]
[WhiteTeamCountry "SWE"]
[BlackTeamCountry "SWE"]

1. e4 c5 2. Nf3 d6 3. d4 cxd4 4. Nxd4 Nf6 5. Nc3 a6 6. Bg5 Nbd7 {This move has
become very popular during the last decades and is a well reknowed move at top
level.} (6... e6 {is still the main move though with the very popular Poisoned
Pawn Variation being one of the main lines for black.}) 7. Bc4 {A sound
developing move and a good alternative to the main continuation} (7. f4) 7...
Qb6 {The main continuation, developing with tempo. However, the queen often
has to retreat to c7 later on in order to advance with ...b5.} ({The immediate
} 7... Qc7 {is possible but has some drawback, as after} 8. Bb3 e6 {White can
castle short without having to worry about the pin in case of a later f4.
Another point is that following} 9. O-O b5 ({or} 9... Be7 $2 10. Bxe6 $1 $16)
10. Bxe6 $1 $36 {is a nice tactical blow that offers White more than enough
compensation for the piece. Black's exposed king and lack of development puts
him in a difficult situation.}) 8. Bb3 e6 9. Qd2 Be7 {Now Black is ready to
play ...Nc5 next since he can now recapture with his bishop on f6. Allowing a
capture by ...gxf6 is possible but gives white a positional advantage.} 10.
O-O-O Nc5 11. Rhe1 $5 {White is now playing for activity along the central
files. With a rook on e1 the x-ray attack towards Black's king must also be
taken serious. Now a timely piece sacrifice on f5 or d5 is close at hand.} O-O
{Black decides on castling away from the actions in the center and now has a
safe king for the moment. However, Black is often more eager to castle long in
this kind of positions. The king on g8 can easily become a target for attack
in the near future.} (11... h6) ({and} 11... Qc7 {are a bit more common but
the move played seems to have scored best for Black.}) 12. f4 {White is now
getting ready to play e5.} h6 {A weakening move in front of black's king.
However, the idea is that now Bh4 can be met by the tactical blow ...Nfxe4
while after an exchange on f6 Black secures the pair of bishops.} 13. h4 $1 {
A tactical way of defending the threatened bishop on g5. Although white's rook
has left h1, it's still too dangerous to open up the h-file in front of
Black's king.} Qc7 {The most frequent move in the position and quite logical
defending the bishop on e7 while also preparing the ...b5-advance. However,
Black also has quite a few number of alternatives.} ({During the game I was
slightly concerned about} 13... a5 {but it appears that Black is not in time
for this as White strikes first playing} 14. e5 dxe5 15. fxe5 $14 {with
somewhat better prospects.}) (13... Bd7 14. Kb1 (14. g4 $6 $146 {is another
interesting option.}) 14... Nxb3 15. Nxb3 {turned out well for Black in 0-1 
(37) Karpus,M (2291)-Paramzina,A (2166) Warsaw 2017} ({Here} 15. axb3 $146 {
looks better keeping the knight centralized on d4. White has an active game
with chances to create an attack on the kingside by means of g4 or a timely e5.
})) (13... Rd8 {is well met by} 14. g4 $1 {with Bxf6 and g5 to come. White is
better even in the endgame following} Kf8 15. Bxf6 Bxf6 16. g5 (16. Qf2 $1 {
is stronger though keeping the queens on with chances to play for a mating
attack.}) 16... Bxd4 17. Qxd4 Nxb3+ 18. axb3 Qxd4 19. Rxd4 hxg5 20. hxg5 $14 {
1-0 (42) Ortiz Suarez,I (2548)-Real,T (2246) Avoine 2018}) (13... hxg5 $2 {
is extremely dangerous to play for Black and gives White at least a clear
advantage. After} 14. hxg5 {Black will not be able to hold on to his extra
piece. The only example found in the database went} Ng4 {when white went on to
win quickly following} 15. Qe2 Nxb3+ 16. axb3 e5 17. Nf5 Bxf5 18. exf5 Rfc8 19.
Qxg4 Qa5 20. Qh3 {1-0 (20) Nedev,T (2475)-Lazov,T (2223) Struga 2015}) (13...
Nxb3+ 14. axb3 Qc5 {was played in 0-1 (32) Corallo,M (2285)-Troff,K (2556)
Chicago 2015} {Now instead of 15.Qe2 it would have been better to go for} 15.
g4 $16 {intending Bxf6 followed by g5 with an advantage for White.}) (13... Qa5
$5 {is an interesting option with the idea of playing ...Nfxe4 next followed
by a queen exchange before recapturing the piece on g5.} {Folllowing} 14. Bxf6
$6 (14. Kb1 {looks better when after} Nfxe4 15. Nxe4 Qxd2 16. Nxd2 hxg5 17.
hxg5 {the resulting queenless middlegame is slightly in White's favour.}) 14...
Bxf6 15. g4 e5 $15 {Black was already on top in 0-1 (32) Molner,M (2458)
-Paragua,M (2521) Los Angeles 2011}) 14. Kb1 {An automatic reply which is
usually always a useful move for White getting the king a bit more secure. I
also recalled that I had analysed this position at home, although from another
move order.} ({However, here White could have been more efficient playing the
immediate} 14. Bxf6 $1 Bxf6 15. g4 $14 {with an initiative and a slight edge.})
({Another move worth mentioning is} 14. g4 {which has been played twice in
blitz by Nepomniachtchi in both occasions vs Ding,Liren.}) 14... b5 (14... Rd8
{is well met by} 15. Bxf6 $1 $146 ({Black was doing fine after} 15. Qe2 b5 {
in 1-0 (39) Ibarra Chami,L (2436)-Vazquez Reyes,R (2231) Mexico City 2010})
15... Bxf6 16. g4 $14) 15. e5 Ne8 $6 $146 ({Better is} 15... dxe5 {but White's
position is still promising after} 16. fxe5 Nh7 (16... Ng4 {can be met by} 17.
Qf4 $1 $146 {More promising than} (17. Bxe7 Qxe7 18. Nc6 Qc7 {when Black was
doing well in 0-1 (58) Filev,G (2359)-Apostolakakis,K (2061) Kavala 2019})
17... Nxb3 18. axb3 f5 19. Bxe7 Qxe7 20. Ne4 $1 $14) 17. Bxe7 Qxe7 18. Ne4 Bb7
({or} 18... Nxe4 19. Rxe4 Bb7 20. Rf4 Rad8 21. c3 Bd5 22. Bc2 $16 {1-0 (42)
Rublevsky,S (2678)-Andriasian,Z (2585) Warsaw 2010}) 19. Nxc5 Qxc5 20. g4 $40 {
with promising attacking chances for White in 1-0 (30) Rublevsky,S (2688)
-Vachier Lagrave,M (2711) Warsaw 2012}) 16. Bxe7 (16. Bd5 $5 Bb7 17. Bxb7 Qxb7
(17... Nxb7 18. Bxe7 Qxe7 19. g4 $16) 18. Bxe7 Qxe7 19. g4 $16) 16... Qxe7 17.
Qf2 (17. exd6 Qxd6 18. g4 $16) 17... Nxb3 18. axb3 (18. Nxb3 $16) 18... Bb7 19.
g4 Rd8 20. g5 dxe5 21. Rxe5 b4 (21... hxg5 22. hxg5 g6 23. Rd3 {[%cal Gd3h3]}
Ng7 24. Qh2 Qb4 25. Qh6 $1 Qxd4 $8 (25... Rxd4 $4 26. Rh3 Nh5 (26... f6 27. f5
$1 fxe5 28. Qh7+ Kf7 29. Qxg6+ Ke7 30. Qxg7+ Ke8 31. Qxb7 $18) 27. Rxh5 gxh5
28. g6 $18) 26. Rh3 $1 Qg1+ 27. Ka2 Nh5 28. Rxh5 gxh5 29. g6 Qxg6 (29... fxg6
30. Rg5 Qxg5 31. fxg5 $18 {[%csl Rg6,Rg8]}) 30. Rg5 Rd7 31. Rxg6+ fxg6 32.
Qxg6+ Rg7 33. Qxe6+ Kh7 34. Qe2 $1 $16) 22. Na4 f6 $2 {It's hard to remain
passive for Black, but this doesn't make things any better.} (22... hxg5 23.
hxg5 g6 24. f5 $1 $16 gxf5 25. Re3 $1 $18 {[%cal Gf2h4,Ye3h3]}) (22... h5 23.
Nc5 $16) 23. Rxe6 Qf7 (23... Qxe6 24. Nxe6 Rxd1+ 25. Ka2 Rf7 26. gxh6 gxh6 27.
Nac5 $18 {is hopeless for Black due to the lack of coordination between his
pieces.}) 24. Rde1 (24. Qe1 {is a bit more clearcut.}) 24... fxg5 25. hxg5 hxg5
26. Nc5 Bc8 (26... Qxf4 27. Qxf4 gxf4 28. Nxb7 Rxd4 29. Rxe8 Rxe8 30. Rxe8+ Kf7
31. Rd8 Rxd8 32. Nxd8+ Kf6 {might not look at all clear at first sight but
after} 33. Kc1 $1 $18 {White is winning.}) (26... Bd5 27. R6e5 (27. Re7 Qxf4
28. Qxf4 gxf4 29. Nde6 Bxe6 30. Nxe6 Rb8 31. Nxf8 Kxf8 32. R7e5 $18) 27... Qxf4
28. Qg1 $18 {[%csl Rd8,Rf4,Rf8][%cal Gd4e6,Ge5g5]}) 27. Nc6 $1 Rd1+ 28. Rxd1
Bxe6 29. Qe2 $1 (29. Nd8 Qh5 {[%csl Rd1]} 30. Qd2 $18) 29... Nc7 (29... Bf5 30.
Ne7+ Kh8 31. Qh2+ Bh7 32. Qxh7+ Kxh7 33. Rh1+ Qh5 34. Rxh5#) 30. Nd8 (30. f5 $1
$18) 30... Qe7 31. Ndxe6 gxf4 32. Rd7 f3 33. Qf2 1-0

[Event "FIDE World Cup"]
[Site "Tromsoe"]
[Date "2013.08.12"]
[Round "1.2"]
[White "Polgar, Judit"]
[Black "Ortiz Suarez, Isan Reynaldo"]
[Result "1/2-1/2"]
[WhiteElo "2696"]
[BlackElo "2609"]
[Annotator "CB"]
[PlyCount "173"]
[EventDate "2013.08.11"]
[EventType "k.o."]
[EventRounds "7"]
[EventCountry "NOR"]
[SourceTitle "CBM 156"]
[Source "ChessBase"]
[SourceDate "2013.09.17"]
[SourceVersion "1"]
[SourceVersionDate "2013.09.17"]
[SourceQuality "1"]

1. e4 c5 2. Nf3 d6 3. d4 cxd4 4. Nxd4 Nf6 5. Nc3 a6 6. Bg5 Nbd7 7. Qe2 h6 8.
Bd2 e6 9. f4 Qc7 10. O-O-O b5 11. g4 Bb7 12. g5 hxg5 13. fxg5 b4 14. Nd5 Nxd5
15. exd5 Bxd5 16. Bg2 Bxg2 17. Qxg2 Rc8 18. Bxb4 g6 19. Bc3 e5 20. Ne2 Nb6 21.
h4 d5 22. Rhe1 Bg7 23. h5 Rxh5 24. Nf4 Rh4 25. Nxd5 Nxd5 26. Rxd5 Rc4 27. Re3
Kf8 28. Qd2 e4 29. Bxg7+ Kxg7 30. c3 Qf4 31. Re2 Qg3 32. Kc2 Re8 33. Rg2 Qb8
34. Qe3 Rc7 $2 (34... Kg8 $14) 35. Rh2 $18 Rce7 36. Qf2 $2 (36. Qd4+ $2 Re5) (
36. Rh4 $1 {Mit diesem Zug entzieht Weiß den Turm dem Angriff durch die
schwarze Dame und erhält freie Hand für seinen Mattangriff.} Re5 (36... Kg8
37. Qh3 $18) 37. Qf2 Rxd5 38. Qf6+ Kg8 39. Rh8#) 36... Re6 37. Rd7 (37. Qd4+
Re5 38. Qf2 Rf5 39. Rxf5 gxf5 40. Qh4 Qd6 41. Qh7+ Kf8 $11) 37... Rf8 38. Rxf7+
Rxf7 39. Rh7+ Kxh7 40. Qxf7+ Kh8 41. Qxe6 Qh2+ 42. Kb3 Qb8+ 43. Ka3 Qf8+ 44.
Ka4 Qf4 45. Qe8+ Kg7 46. Qd7+ Kf8 47. Qd8+ Kf7 48. Qd5+ Ke7 49. Qd4 Ke6 50. Kb3
Qf3 51. Kc2 Kf5 52. a4 Kxg5 53. b4 Kh4 54. b5 axb5 55. a5 Qe2+ 56. Kb3 Kg3 57.
Qd6+ Kf3 58. a6 Qe1 59. Kb4 Qb1+ 60. Kc5 Qa1 (60... Qg1+ $16) 61. Qf6+ $2 (61.
Kb6 $1 e3 62. Qf6+ Ke2 (62... Kg2 63. Qxg6+ Kf1 64. Qd3+ Kf2 (64... e2 65. Qf3+
Kg1 66. Qxe2 $18) 65. Qf5+ Ke1 66. Qc5 Kd2 67. Qd4+ Kc2 68. Qxe3 $18) 63. a7 b4
64. Qc6 g5 65. a8=Q $18) 61... Ke2 (61... Ke3 $16) 62. Kb6 $2 (62. Qc6 Qg1+ 63.
Kxb5 Qb1+ 64. Ka5 Kf3 65. Qf6+ $18) 62... b4 63. Qd4 bxc3 $11 64. Qxe4+ Kd2 65.
Qd5+ Ke3 66. Qe5+ Kd3 67. Qg3+ Kd2 68. Qd6+ Ke3 69. Qc5+ Kd3 70. Qb5+ Kd2 71.
Qg5+ Ke2 72. Qe5+ Kd3 73. a7 Qg1+ 74. Ka6 Qa1+ 75. Kb7 Qh1+ 76. Kb8 c2 77. Qg3+
Kd2 78. Qg5+ Kd1 79. Qd8+ Ke2 80. Qe7+ Kd2 81. Qb4+ Ke2 82. Qc4+ Kd2 83. Qf4+
Kd1 84. Qd6+ Ke2 85. a8=Q Qxa8+ 86. Kxa8 c1=Q 87. Qxg6 1/2-1/2

[Event "World Women-ch k.o."]
[Site "Khanty-Mansiysk"]
[Date "2012.11.20"]
[Round "4.1"]
[White "Kosintseva, Nadezhda"]
[Black "Ushenina, Anna"]
[Result "1/2-1/2"]
[WhiteElo "2539"]
[BlackElo "2452"]
[Annotator "CB"]
[PlyCount "85"]
[EventDate "2012.11.11"]
[EventType "k.o."]
[EventRounds "6"]
[EventCountry "RUS"]
[SourceTitle "CBM 152"]
[Source "ChessBase"]
[SourceDate "2013.01.15"]
[SourceVersion "1"]
[SourceVersionDate "2013.01.15"]
[SourceQuality "1"]
[WhiteClock "0:11:20"]
[BlackClock "0:30:44"]

1. e4 c5 2. Nf3 d6 3. d4 cxd4 4. Nxd4 Nf6 5. Nc3 a6 6. Bg5 Nbd7 7. Qe2 h6 8.
Bh4 g6 9. O-O-O e5 10. Nb3 Be7 11. f3 b5 12. a3 Qc7 13. Kb1 Kf8 14. g4 Bb7 15.
Bf2 Kg7 16. h4 Rab8 17. Be3 Nb6 18. Bc1 Nc4 19. Rd3 Ba8 20. Rg1 b4 21. axb4 Qb6
22. Rg2 Qxb4 23. g5 hxg5 24. hxg5 Nd7 25. Rd1 Na3+ 26. bxa3 Qxc3 27. Bb2 Qc7
28. Qc4 Bc6 29. f4 Qb7 30. Rf2 Nb6 31. Qxa6 Qxa6 32. Bxa6 Na4 33. Bc4 Nxb2 34.
Kxb2 exf4 35. Rxf4 {[#]} f6 $4 {Ushinina: "I had spent too much time in the
middlegame, and made a couple of serious mistakes under time pressure, when
all I had to do was calculating a couple of simple lines."} (35... Be8 {
for instance would have kept Black on the offensive.}) 36. Ka2 $4 {A missed
chance.} ({"When I played 35...f6, Nadezhda began to think, and I instantly
noticed that she can take on f6 twice. However, she rejected this move."} 36.
gxf6+ Bxf6+ 37. Rxf6 $1 Kxf6 38. Rxd6+) 36... Rhf8 {White still has the
advantage, but is now unable to turn it into a full point.} 37. Nd4 Bd7 38. Be6
Ba4 39. Rdf1 Rbe8 40. Bd5 Bd7 41. Be6 Ba4 42. Bb3 Bd7 43. Be6 {and draw by
repetition. " In the final position Nadezhda still had a big advantage and
could torture be for a long time," said Anna Ushinina.} 1/2-1/2

[Event "Olympiad Women-41"]
[Site "Tromsoe"]
[Date "2014.08.06"]
[Round "5.1"]
[White "Sebag, Marie"]
[Black "Paehtz, Elisabeth"]
[Result "1/2-1/2"]
[WhiteElo "2480"]
[BlackElo "2464"]
[Annotator "CB"]
[PlyCount "112"]
[EventDate "2014.08.02"]
[EventType "team-swiss"]
[EventRounds "11"]
[EventCountry "NOR"]
[SourceTitle "CBM 162"]
[Source "ChessBase"]
[SourceDate "2014.09.17"]
[SourceVersion "1"]
[SourceVersionDate "2014.09.17"]
[SourceQuality "1"]
[WhiteTeam "France (W)"]
[BlackTeam "Germany (W)"]
[WhiteTeamCountry "FRA"]
[BlackTeamCountry "GER"]
[WhiteClock "0:22:39"]
[BlackClock "0:02:56"]

1. e4 c5 2. Nf3 d6 3. d4 Nf6 4. Nc3 cxd4 5. Nxd4 a6 6. Bg5 Nbd7 {galt bis vor
wenigen Jahren noch als zweifelhaft, hat sich mittlerweile jedoch als Hauptzug
auch auf Großmeisterebene etabliert.} 7. Bc4 Qb6 {wird von Kuzmin in CBM 135
ausführlich diskutiert und für gut befunden.} (7... Qa5 {ist die alte
Hauptvariante} 8. Qd2 e6 9. O-O-O b5 10. Bb3 Bb7 11. Rhe1 {1-0 (41) Spassky,
B-Polugaevsky,L Riga 1958}) 8. Bb3 (8. Qd2 {ist eine riskante Alternative, die
Weiß einige sehenswerte Kurzsiege einbrachte.} Qxb2 9. Rb1 Qa3 10. O-O e6 (
10... Qc5 11. Bd5 Nxd5 $2 12. Nxd5 $18 f6 13. Ne6 Qc4 14. Rb4 Qxa2 15. Nec7+
Kf7 16. Nxa8 {1-0 (16) Li,C (2646)-Zhou Jianchao (2660) Xinghua Jiangsu 2011})
11. Bxe6 fxe6 12. Nxe6 Qa5 13. f4 Kf7 14. e5 Kxe6 15. Rbe1 Kf7 16. Kh1 Nb6 (
16... h6 17. Bh4 Nb6 18. exf6 g6 19. Qe3 Bd7 20. f5 g5 21. Bf2 g4 22. Qg3 Rc8
23. Bxb6 Qxc3 24. Qxg4 Qxf6 25. Bd4 Qg5 26. Qe4 Be7 27. Bxh8 Rxh8 28. Qd5+ Kg7
29. Rxe7+ {1-0 (29) Wang Yue (2714)-Zhou Jianchao (2636) Danzhou 2011}) 17.
exf6 gxf6 18. Bxf6 Rg8 19. Bd4 Na4 20. Qe2 Bd7 21. f5 Rxg2 22. Kxg2 Nxc3 23.
Qh5+ Kg8 24. Qg5+ Kf7 25. Qf6+ Kg8 26. Qh8+ {1-0 (26) Cheparinov,I (2664)
-Kadric,D (2379) Aix-les-Bains 2011}) 8... e6 {hier gibt es verschiedene
weiße Pläne, die prinzipielle Frage ist natürlich, wohin der König
rochiert.} 9. Qd2 Be7 10. O-O-O Nc5 11. f3 (11. Rhe1 $5 {ist eine wichtige
Alternative. Weiß plant f4 und dann f5 oder e5.} Qc7 12. f4 (12. Kb1 h6 13.
Bh4 b5 14. Bd5 Bb7 15. Bxb7 Qxb7 16. Bxf6 gxf6 17. Qe3 $14 {1-0 (50) Maxime
Vachier-Lagrave-Leinier Dominguez Perez Tromso NOR 2013}) {Kuzmin empfiehlt}
12... h6 {mit komplizierten Verwicklungen}) 11... O-O 12. g4 (12. h4 {ist eine
Alternative} Qc7 13. Kb1 b5 14. a3 Rb8 $1 15. h5 h6 16. Be3 (16. Bh4 {mit
unklarer Stellung (Kuzmin)}) 16... e5 17. Nf5 Bxf5 18. exf5 Nxb3 19. cxb3 b4 {
und Schwarz war mit seinem Angriff deutlich schneller in: 0-1 (33) Naiditsch,A
(2574)-Anand,V (2774) Dortmund 2003}) 12... Qc7 13. Kb1 b5 14. a3 Rb8 15. h4
Bd7 {Schwarz hat alle Figuren entwickelt, den Bauern b5 zweimal überdeckt und
kann nun mit a5 seinen Angriff fortsetzen.} 16. Bxf6 (16. Nde2 {erhöht den
Druck gegen d6, doch Schwarz kann die Drohung Lxf6 einfach ignorieren.} a5 $1
17. Bxf6 Bxf6 18. Qxd6 Rfc8 (18... Qxd6 $5 19. Rxd6 Rfd8 20. g5 Be7 21. Rdd1 b4
22. axb4 axb4 23. Na2 Nxb3 24. cxb3 e5 $15 {und Schwarz hat die besseren
Leichtfiguren}) 19. f4 $2 Qb7 $2 (19... Qxd6 $1 20. Rxd6 Be7 21. Rdd1 b4 22.
axb4 axb4 23. Na2 Bc6 $17) 20. e5 {0-1 (62) Sengupta,D (2393)-Khismatullin,D 
(2576) Moscow 2006}) 16... Bxf6 17. g5 Be7 $146 {sieht wie eine logische
Abweichung von der Stammpartie aus. Der Ld8 hat den Vorteil, die 7. Reihe für
die Dame zu räumen, sodaß diese im Fall eines Turmopfers auf h6 in die
Verteidigung eingreifen kann. Schwarz wählt hier jedoch eine andere
Verteidungsstrategie.} (17... Bd8 18. h5 a5 19. g6 Nxb3 20. Nxb3 fxg6 21. hxg6
h6 22. Nxa5 (22. Rxh6 $2 gxh6 23. Qxh6 Bc8 {und die Dame kommt nach g7}) 22...
Rxf3 $13 {und Schwarz konnte am Ende durch Glück Remis retten. ½-½ (30)
Shirov,A (2723)-Dominguez Perez,L (2712) Wijk aan Zee 2010}) 18. h5 a5 19. g6 {
der Standarddurchbruch des Weißen. Schwarz hat prinzipiell drei
Verteidigungsideen: (1) alles so stehen lassen und mit dem eigenen Angriff
fortfahren, ...fxg6 und auf hxg6 nun (2)...h6 bzw. (3) ...hxg6 oder (4)
sofortiges ...h6.} Nxb3 (19... Bf6 20. h6 hxg6 21. Qh2 Rfc8 22. Nf5 $1 $18 {
1-0 (29) Stephen John Solomon (2378)-Ryan Rhys Griffiths (2362) Istanbul TUR
2012}) 20. cxb3 $1 {Le7 überdeckt den d6 zuverlässig, sodass die Öffnung
der d-Linie mittels Sxb3 nichts einbringt. Stattdessen bleibt er Sd4 aktiv und
Weiß kann den Bauernwall um seinen eigenen König verstärken.} h6 $1 {
entscheidet sich für (4)} (20... fxg6 $2 21. hxg6 hxg6 {(3)} (21... h6 $4 {
die Verteidung (2) analog zu Shirov-Dominguez Perez funktioniert mit dem Le7
natürlich nicht mehr.} 22. Rxh6 gxh6 23. Qxh6 $18) 22. Qg2 Rf6 23. e5 $1 dxe5
24. Ne4 $40) (20... b4 $6 {(1)} 21. h6 $1 {ist die schematische Fortsetzung}
fxg6 (21... hxg6 $4 22. hxg7 Kxg7 23. Qh6+ Kf6 24. e5+ dxe5 25. Ne4#) (21...
gxh6 $4 22. Qxh6 Rfe8 23. Qxh7+ Kf8 24. Qxf7#) (21... bxc3 $4 22. gxh7+ Kh8 23.
hxg7+ Kxg7 24. h8=Q+ Rxh8 25. Rdg1+ Kf6 26. Qg5#) 22. hxg7 Rf7 23. Rxh7 $1 Rxg7
(23... Kxh7 $2 24. Rh1+ $18) 24. Rxg7+ Kxg7) 21. Nce2 d5 $5 {öffnet die
Diagonalen für die Läufer} 22. exd5 exd5 23. Rhg1 fxg6 {beschleunigt den
weißen Plan, die Türme auf der g-Linie zu verdoppeln} (23... Bg5 24. Rxg5 (
24. f4 Bf6 25. f5 {und Schwarz hat quasi ein Tempo gewonnen. Der Bauer auf f5
stört nicht} Rbe8 26. gxf7+ Rxf7 27. Ne6 (27. Qxh6 $2 Bxf5+ 28. Nxf5 $140 Rxe2
$19) 27... Bxe6 28. fxe6 Rxe6 29. Nf4 $11) 24... hxg5 25. Qxg5 Rbe8 (25... Qd8
26. Qxd5 Be6 27. Qe5 $44) 26. h6 {sieht sehr gefährlich aus, wobei} Qe5 {
die Stellung zusammenhält} 27. gxf7+ Rxf7 {und Schwarz hat die besseren
Aussichten}) (23... Bf6 24. gxf7+ Rxf7 25. Qxh6 $40) 24. Rxg6 Qe5 (24... Bg5
25. f4 Bf6 26. Rdg1 Kh8 27. f5 $40 {mit der Drohung Dxh6}) 25. Qxh6 Bf6 26. Ka1
Rbc8 27. Qd2 Qxh5 28. Rgg1 Rfe8 29. Nf4 $2 {Einleitung eines Manövers, das
lediglich Schwarz dazu verhilft, die Figuren auf den richtigen Felder zu
platzieren.} (29. Ng3 $5 Qe5 (29... Qf7 $6 30. Ngf5 $40) 30. f4 Qe3 31. Nh5
Bxd4 32. Qxe3 Rxe3 33. Rxd4 Bg4 $1 {rettet die Stellung} 34. Nxg7 (34. Rxg4 $4
Rc1+ 35. Ka2 Ree1 36. Rxg7+ Kf8 37. b4 a4 38. b3 Rc2#) 34... Kxg7 35. Rxg4+ Kf6
36. Rg1 $11) (29. Qxa5 $5 {ist der radikale Versuch der Engine. Weiß steht
kompakt genug um sich diesen Zeitverlust leisten zu können.}) 29... Qe5 30.
Ng6 $6 Qe3 31. Qxe3 Rxe3 32. Nf4 $15 {Schwarz ist mit dem Damentausch
zufrieden und hat nun die besseren Leichtfiguren. Weiß wird in den folgenden
Zügen eindrucksvoll überspielt.} Re5 33. Ka2 a4 34. bxa4 bxa4 35. Nd3 Rh5 $1
36. Nf4 Rh4 37. Nfe2 Rc4 $1 38. f4 Rh2 $1 39. Rd3 {nach einigen genauen Zügen
von Eli ist die weiße Stellung kurz vor dem Kollaps} Bf5 $2 {kurz vor der
Zeitkontrolle diese Ungenauigkeit, die Weiß entlastet} (39... Be8 $1 {bringt
die letzte schwarze Figur in den Angriff und gewinnt die Partie auf der Stelle}
40. Rgd1 Bg6 41. R3d2 Bh5 $1 {gewinnt zwingend Material}) 40. Nxf5 Rxe2 41. Rb1
Rcc2 42. Nd4 Red2 43. Rxd2 Rxd2 44. Ne6 Rc2 {die Stellung ist immer noch sehr
gut für Schwarz, doch nun ist Technik gefragt.} 45. f5 Be5 46. Ng5 Kf8 47. Nf3
Bf6 48. Ne1 Rd2 49. Nf3 Rf2 50. Ne1 Bd4 51. Nd3 Rd2 52. Ne1 Bf6 53. Nf3 Rf2 54.
Ne1 Rxf5 $1 55. Nd3 g5 56. Nc5 Kf7 {mit Remisschluss, trotz immer noch
besserer Stellung. Die Zeit wurde knapp und Weiß bekommt nun auch Chancen am
Damenflügel, dennoch wird der schwarze g-Bauer Weiß zumindest den Springer
kosten.} 1/2-1/2